Вплив гендерних особливостей на стилістику та композицію рекламного тексту (Запис № 284059)
[ простий вигляд ]
| 000 -LEADER | |
|---|---|
| fixed length control field | 02055nam a22001577a 4500 |
| 041 ## - LANGUAGE CODE | |
| Language code of text/sound track or separate title | ukr |
| 080 ## - UNIVERSAL DECIMAL CLASSIFICATION NUMBER | |
| Universal Decimal Classification number | 09 |
| 090 ## - LOCALLY ASSIGNED LC-TYPE CALL NUMBER (OCLC); LOCAL CALL NUMBER (OCLC) | |
| Local cutter number (OCLC) ; Book number/undivided call number, CALL (RLIN) | ЯРУ |
| 100 ## - MAIN ENTRY--PERSONAL NAME | |
| Personal name | Яруш Н. С. |
| 245 ## - TITLE STATEMENT | |
| Title | Вплив гендерних особливостей на стилістику та композицію рекламного тексту |
| 260 ## - PUBLICATION, DISTRIBUTION, ETC. (IMPRINT) | |
| Place of publication, distribution, etc | Острог |
| Name of publisher, distributor, etc | КАФ |
| Date of publication, distribution, etc | 2007 |
| 300 ## - PHYSICAL DESCRIPTION | |
| Extent | 90 |
| 520 ## - SUMMARY, ETC. | |
| Summary, etc | Вступ<br/>Розділ 1. Композиція та стилістика рекламного тексту.<br/>1.1. Текстове рекламне повідомлення та його композиція.<br/>1.2. Основні композиційні елементи та їх функції.<br/>1.2.1. Заголовок.<br/>1.2.2. Основний текст.<br/>1.2.3. Салоган.<br/>1.2.4. Логотип.<br/>1.2.5. Ціна.<br/>1.3. Рекламний текст як окремий літературний стиль.<br/>1.4. Стилістичні прийоми написання рекламного тексту.<br/>Розділ 2. Гендерні особливості цільової аудиторії.<br/>2.1. Гендер як особливе соціально-психологічне явище.<br/>2.2. Психологічні особливості гендеру.<br/>2.3. Вираження гендерних стереотипів у мові.<br/>2.4. Гендерна варіативність мовленнєвої поведінки.<br/>2.4.1. Поняття гендерлекту.<br/>2.4.2. Вираження чоловічої домінантності через мову.<br/>2.4.3. Гендерно-марковані стилі комунікації.<br/>Розділ 3. Вплив тендерних особливостей на рекламний текст.<br/>3.1. Вплив гендерних особливостей на рекламний текст.<br/>3.2.Гендерне маркування в англомовних рекламах.<br/>Висновки. |
| -- | реклама, цільова аудиторія |
| 650 ## - SUBJECT ADDED ENTRY--TOPICAL TERM | |
| Topical term or geographic name as entry element | Research Papers |
| 942 ## - ADDED ENTRY ELEMENTS (KOHA) | |
| Koha item type | Книги |
| Withdrawn status | Lost status | Source of classification or shelving scheme | Damaged status | Not for loan | Home library | Current library | Date acquired | Source of acquisition | Cost, normal purchase price | Total Checkouts | Full call number | Barcode | Date last seen | Price effective from | Koha item type |
|---|---|---|---|---|---|---|---|---|---|---|---|---|---|---|---|
| Universal Decimal Classification | ВІЛ - Відділ іноземн. літератури НБ | ВІЛ - Відділ іноземн. літератури НБ | 16/04/2009 | Акт №1 | 1.00 | 09 | 213569 | 20/12/2021 | 16/04/2009 | Книги |